| 000 | 00855nam a22002297a 4500 | ||
|---|---|---|---|
| 003 | OSt | ||
| 005 | 20210325104559.0 | ||
| 008 | 210325b ||||| |||| 00| 0 spad | ||
| 020 | _a9789945167733 | ||
| 040 |
_aDO-SdBNP _bspa _cBNPHU |
||
| 082 |
_a342.729302 _bR426c, 2016 |
||
| 110 |
_aRepública Dominicana _bCámara de Diputados _932238 |
||
| 245 | 1 | _aConstitución de la República Dominicana : proclamada por la Asamblea Nacional revisora el 13 de junio del año 2015 | |
| 250 | _a2a. ed. | ||
| 260 |
_aSanto Domingo : _bAsamblea Nacional de la república Dominicana, _c2016 |
||
| 300 |
_a183 p. ; _c25 cm |
||
| 590 | _aInventariado, 2021 / DG | ||
| 651 |
_aRepública Dominicana _xConstitución _91008 |
||
| 651 |
_aRepública Dominicana _xDerecho Constitucional _99303 _y2015 |
||
| 910 | _aD/G/Validado. Control de calidad MFF | ||
| 942 |
_2ddc _cLBS1 |
||
| 999 |
_c49684 _d49684 |
||